书目信息 |
| 题名: |
钳工基本操作
|
|
| 作者: | 杨宝福 编 | |
| 分册: | ||
| 出版信息: | 呼和浩特 内蒙古人民出版社 1979 |
|
| 页数: | 502页 | |
| 开本: | 19cm | |
| 丛书名: | ||
| 单 册: | ||
| 中图分类: | TG93 | |
| 科图分类: | ||
| 主题词: | 钳工 | |
| 电子资源: | ||
| ISBN: | ||
| 000 | 00569nam0 2200217 45 | |
| 001 | 0179005304 | |
| 005 | 20051207150815.64 | |
| 010 | @dCNY1.46 | |
| 091 | @a15089.34 | |
| 100 | @a19950731d1979 em y0chiy0121 ea | |
| 101 | 0 | @achi |
| 102 | @aCN@b150000 | |
| 105 | @ay z 000yy | |
| 200 | 10 | @a钳工基本操作@Aqian gong ji ben cao zuo@f杨宝福编@Fyang bao fu bian |
| 210 | @a呼和浩特@c内蒙古人民出版社@d1979 | |
| 215 | @a502页@d19cm | |
| 606 | @a钳工 | |
| 690 | @aTG93@v3 | |
| 701 | 0 | @a杨宝福@Ayang bao fu@4编 |
| 801 | 0 | @aCN@bTSSF@c20051207 |
| 905 | @a10447@dTG93@e8 | |
| 钳工基本操作/杨宝福编.-呼和浩特:内蒙古人民出版社,1979 |
| 502页;19cm |
| ISBN :CNY1.46 |
| ● |
| 相关链接 |
|
|
|
|
正题名:钳工基本操作
索取号:TG93/8
 
预约/预借
| 序号 | 登录号 | 条形码 | 馆藏地/架位号 | 状态 | 备注 |
| 1 | 0041308 | 202168019 | 密集书库/ [索取号:TG93/8] | 在馆 | |
| 2 | 0041309 | 001363651 | 第二样本阅览室/ [索取号:TG93/8] | 在馆 |